000 00279nam a2200121Ia 4500
005 20251222144843.0
008 251222s9999||||xx |||||||||||||| ||spa||
082 _a610/U89/T.II
245 0 _aSimulacro Tipo Residentado:
250 _a1ra. ed.
264 _bDu graf
942 _cLIB
999 _c21289
_d21289